Sports Quiz

Random Sports Quiz

Swindon 2003/04 Quiz Stats

Quiz not verified by Sporcle

Also try: Sports MVPs
Challenge
Share
Tweet
Embed
Score 0/31 Timer 10:00
0 Plays Today
Nationality Player % Correct
EnglishSam Parkin
95.2%
New ZealandRory Fallon
92.9%
EnglishTommy Mooney
85.7%
EnglishRhys Evans
83.3%
ScottishGrant Smith
81%
EnglishSammy Igoe
78.6%
EnglishAndy Gurney
73.8%
EnglishMatt Heywood
73.8%
EnglishMatt Hewlett
71.4%
DutchBart Griemink
69%
ScottishDavid Duke
69%
BrazilianStefani Miglioranzi
64.3%
EnglishBrian Howard
59.5%
EnglishAlan Reeves
59.5%
EnglishJerel Ifil
47.6%
EnglishAndy Nicholas
40.5%
Nationality Player % Correct
JamaicannDeon Burton
40.5%
EnglishSean O'Hanlon
38.1%
EnglishSteve Robinson
35.7%
EnglishJon Stevenson
33.3%
EnglishEddie Howe
33.3%
EnglishJames Milner
31%
EnglishIan Herring
28.6%
EnglishAdrian Viveash
26.2%
EnglishCraig Farr
23.8%
EnglishAlan Young
23.8%
EnglishMichael Pook
19%
FrenchSebastien Ruster
16.7%
EnglishJunior Lewis
14.3%
EnglishLuke Garrard
14.3%
EnglishBen Martin
9.5%

You're not logged in!

Compare scores with friends on all Sporcle quizzes.
Join for Free
OR
Log In

You Might Also Like...

Show Comments

Extras

Top Quizzes Today


Score Distribution

Your Account Isn't Verified!

In order to create a playlist on Sporcle, you need to verify the email address you used during registration. Go to your Sporcle Settings to finish the process.

Report this User

Report this user for behavior that violates our Community Guidelines.

Details: